Les Pays-Bas de A à Z - Statistiques

Statistiques générales
  • Ce quiz a été pris 84 fois
  • Le résultat moyen est 19 sur 26
Statistiques - réponses
Lettre Indice Réponse % Correct
A La Capitale des Pays-Bas Amsterdam
100%
B Pays frontalier au sud du Pays Belgique
99%
N La langue officielle Néerlandais
92%
T Fleur emblématique du pays Tulipe
88%
D Nombre de province qui constituent les Pays-Bas Douze
87%
M Ville du traité fondateur de l’Union européenne en 1992 Maastricht
87%
G Fromage traditionnel et ville du même nom Gouda
85%
H Marque de bière mondialement celèbre originaire des Pays-Bas Heineken
85%
J Prénom du joueur Cruyff, icône du football néerlandais Johan
83%
Q Nombre de territoires autonomes ou nations constitutives Quatre
82%
V Peintre néerlandais mondialement connu mort à Auvers-sur-Oise à 37 ans Van Gogh
81%
C Dans la Capitale, ils s'étendent sur un total de plus de cent kilomètres, avec 1 500 ponts qui les traversent Canaux
79%
I Pays qui était autrefois appelé « Indes Orientales Néerlandaises » Indonésie
79%
X Le traité de Saint-Germain-en-Laye est un traité signé le 25 octobre 1679 entre Frédéric Guillaume Ier et le roi de France Louis ___ XIV
74%
U Quatrième ville des Pays-Bas, connue pour sa cathédrale et son université Utrecht
72%
E Fromage des Pays-Bas , traditionnellement vendu sous forme d'une boule de fromage jaune pâle enveloppée dans une pellicule de paraffine Edam
71%
L Siège du gouvernement des Pays-Bas et chef-lieu de la province de Hollande-Méridionale La Haye
65%
O Titre porté par l'héritier du trône : Prince d'_____ Orange
65%
R Peintre et graveur néerlandais qui a peint La Ronde de Nuit Rembrandt
63%
K La compagnie aérienne porte-drapeau des Pays-Bas, fusionne avec Air France en 2004 KLM
59%
F Club de football populaire de Rotterdam Feyenoord
58%
S Île des Antilles que les Pays-Bas partagent avec la France Saint-Martin
56%
W Roi des Pays-Bas depuis 2013 Willem-Alexander
44%
P Etendue artificielle de terre gagnée sur l'eau, le plus souvent dont le niveau est inférieur à celui de la mer. Le Pays-Bas étant souvent associé à ce phénomène Polder
41%
Z Province maritime du sud-ouest des Pays-Bas, bordée à l'ouest par la mer du Nord Zélande
40%
Y Rivière néerlandaise d'une longueur d'environ 125 km. Elle est l'un des défluents du Rhin (aussi appelée IJssel) Yssel
24%
Aucun quiz correspondant
Distribution des résultats
% des personnes avec chaque résultat
Percentile par nombre de réponses
Votre historique - résultats
Vous n’avez pas pris ce quiz